| 000 | 00452 a2200193 4500 | ||
|---|---|---|---|
| 001 | 138671 | ||
| 020 | _a9788526009820 | ||
| 040 | _cLeonardo Da Vinci | ||
| 041 | _aPortuguês | ||
| 082 |
_a028.5 C65h _bC65h |
||
| 100 | _aCOLOSANTI, Marina | ||
| 245 | _aO homem que não parava de crescer | ||
| 250 | _a12.ed. | ||
| 260 |
_bGlobal _c2018 _aSão Paulo |
||
| 300 | _a43 | ||
| 362 | _a20180000 | ||
| 500 | _aBiblioteca Alphaville 2 | ||
| 942 | _cBK | ||
| 999 |
_c138671 _d138671 |
||